[Event "Druga liga Srbije grupa Vojvodina 2011"]
[Site "Vrbas"]
[Date "2011.10.01"]
[Round "10.1"]
[White "Petakov, Uros"]
[Black "Luketa, Milan"]
[Result "1-0"]
[WhiteElo "2352"]
[BlackElo "2121"]
[PlyCount "29"]
[EventDate "2011.09.25"]

1. d4 d5 2. Nf3 Nf6 3. e3 Bg4 4. c4 Bxf3 5. gxf3 e6 6. Qb3 Qc8 7. Rg1 g6 8. Nc3
c6 9. e4 dxc4 10. Bxc4 Nbd7 11. Bg5 b5 12. Bxe6 fxe6 13. Qxe6+ Be7 14. e5 Ng8
15. Ne4 1-0

[Event "Druga liga Srbije grupa Vojvodina 2011"]
[Site "Vrbas"]
[Date "2011.10.01"]
[Round "10.1"]
[White "Kracunov, Bozidar"]
[Black "Miljkovic, Bojan"]
[Result "0-1"]
[WhiteElo "2078"]
[BlackElo "2207"]
[PlyCount "52"]
[EventDate "2011.09.25"]

1. d4 Nf6 2. c4 g6 3. Nc3 d5 4. Bf4 Bg7 5. e3 O-O 6. c5 b6 7. b4 a5 8. a3 axb4
9. axb4 Rxa1 10. Qxa1 Nh5 11. Bg3 Nxg3 12. hxg3 bxc5 13. bxc5 e5 14. Nf3 exd4
15. Nxd4 Qe7 16. Be2 Qxc5 17. O-O Nc6 18. Ncb5 Nxd4 19. Nxd4 Qd6 20. Qa7 c5 21.
Nb5 Qc6 22. Rc1 c4 23. Nd4 Qd6 24. Nb5 Qb4 25. Na3 Bb2 26. Rf1 Qxa3 0-1

[Event "Druga liga Srbije grupa Vojvodina 2011"]
[Site "Vrbas"]
[Date "2011.10.01"]
[Round "10.1"]
[White "Farkas, Miso"]
[Black "Kovacevic, Dragan"]
[Result "1-0"]
[WhiteElo "2132"]
[BlackElo "2236"]
[PlyCount "77"]
[EventDate "2011.09.25"]

1. b4 Nf6 2. c4 d5 3. cxd5 Nxd5 4. a3 a5 5. b5 e5 6. Bb2 Bd6 7. e3 O-O 8. Bc4
Nb6 9. Ba2 Kh8 10. Nc3 f5 11. Qh5 N8d7 12. Nh3 Nf6 13. Qh4 h6 14. Ng5 Qe8 15.
O-O Qg6 16. f4 exf4 17. exf4 Nh5 18. Nh3 Bd7 19. Rae1 Bc5+ 20. Kh1 c6 21. a4
cxb5 22. axb5 a4 23. Nd5 Nxd5 24. Bxd5 Qg4 25. Qxg4 fxg4 26. Re5 a3 27. Bc3 Rf5
28. Bxb7 Rb8 29. Bc6 Rd8 30. d4 gxh3 31. Rxf5 Bxd4 32. Bxd4 Bxf5 33. Be5 Rc8
34. Ra1 Bd3 35. gxh3 Nf6 36. Rxa3 Be4+ 37. Bxe4 Nxe4 38. Ra7 Kg8 39. Rxg7+ 1-0

[Event "Druga liga Srbije grupa Vojvodina 2011"]
[Site "Vrbas"]
[Date "2011.10.01"]
[Round "10.1"]
[White "Skoko, Milan"]
[Black "Tomin, Nenad"]
[Result "1-0"]
[WhiteElo "2218"]
[BlackElo "1820"]
[PlyCount "89"]
[EventDate "2011.09.25"]

1. e4 c5 2. c3 Nf6 3. e5 Nd5 4. d4 cxd4 5. Nf3 Nc6 6. cxd4 d6 7. Nc3 Nxc3 8.
bxc3 dxe5 9. d5 e4 10. Ng5 Ne5 11. Qa4+ Bd7 12. Qxe4 Qc7 13. Bd2 h6 14. f4 Ng4
15. Nf3 Qc5 16. Qd4 Qxd4 17. Nxd4 Nf6 18. c4 g6 19. Rb1 b6 20. Bd3 Bg7 21. Nf3
O-O 22. Ne5 Rfc8 23. O-O Bf5 24. Bxf5 gxf5 25. Rfc1 Ne4 26. Bb4 Bf6 27. Kf1 Rc7
28. Ke2 Rac8 29. Nc6 Rd7 30. Rb3 Kg7 31. Rd3 Rcc7 32. a4 Nc5 33. Bxc5 bxc5 34.
Rb1 e6 35. Rb5 exd5 36. Rxd5 Rxd5 37. cxd5 c4 38. Rc5 c3 39. Kd3 Kf8 40. d6 Rd7
41. Rd5 Ke8 42. Ne5 Bxe5 43. fxe5 Rb7 44. Kxc3 Kd7 45. Rb5 1-0

[Event "Druga liga Srbije grupa Vojvodina 2011"]
[Site "Vrbas"]
[Date "2011.10.01"]
[Round "10.1"]
[White "Erski, Dragan"]
[Black "Kovacevic, Djordje"]
[Result "0-1"]
[WhiteElo "2167"]
[BlackElo "2087"]
[PlyCount "104"]
[EventDate "2011.09.25"]

1. Nf3 Nf6 2. d4 d5 3. c4 e6 4. Nc3 Be7 5. Bg5 O-O 6. Rc1 a6 7. cxd5 exd5 8. e3
c6 9. Bd3 Bg4 10. h3 Bxf3 11. Qxf3 Re8 12. O-O Nbd7 13. Bf4 Nf8 14. g4 Ne6 15.
Bg3 Ng5 16. Qg2 Bd6 17. Bh4 Ne6 18. f4 Nf8 19. Qf3 Ng6 20. Bf2 Bb4 21. f5 Nf8
22. Bh4 h6 23. g5 hxg5 24. Bxg5 N8h7 25. Bh4 Qd7 26. Rc2 Bxc3 27. bxc3 Ne4 28.
Rg2 f6 29. Be1 Re7 30. h4 Rae8 31. Rg4 Qd6 32. Qg2 Qc7 33. Qc2 b5 34. Rff4 Nd6
35. Bf2 Nf8 36. e4 dxe4 37. Bxe4 Nxe4 38. Rxe4 Qd7 39. Rxe7 Qxe7 40. Qd2 Qe2
41. Qf4 Re7 42. h5 Nh7 43. h6 Ng5 44. h7+ Nxh7 45. Rg3 Qxa2 46. Qb8+ Kf7 47.
Qh8 Ng5 48. Qh5+ Kg8 49. Be3 Qb1+ 50. Kh2 Qxf5 51. Bxg5 fxg5 52. Rf3 Qh7 0-1

[Event "Druga liga Srbije grupa Vojvodina 2011"]
[Site "Vrbas"]
[Date "2011.10.01"]
[Round "10.2"]
[White "Somborski, Nebojsa"]
[Black "Indjic, Aleksandar"]
[Result "1/2-1/2"]
[WhiteElo "2355"]
[BlackElo "2391"]
[PlyCount "32"]
[EventDate "2011.09.25"]

1. e4 d6 2. d4 Nf6 3. Nc3 e5 4. Nf3 Nbd7 5. Bc4 Be7 6. O-O O-O 7. Re1 c6 8. a4
exd4 9. Nxd4 Ne5 10. Bf1 Re8 11. h3 a5 12. Be3 Bf8 13. Qd2 Ng6 14. Bd3 Ne5 15.
Bf1 Ng6 16. Bd3 Ne5 1/2-1/2

[Event "Druga liga Srbije grupa Vojvodina 2011"]
[Site "Vrbas"]
[Date "2011.10.01"]
[Round "10.2"]
[White "Vajdic, Nikola"]
[Black "Elez, Nikola"]
[Result "1/2-1/2"]
[WhiteElo "2295"]
[BlackElo "2155"]
[PlyCount "96"]
[EventDate "2011.09.25"]

1. Nf3 d6 2. d4 Bg4 3. g3 Bxf3 4. exf3 c6 5. f4 e6 6. Bg2 g6 7. O-O Bg7 8. c3
Ne7 9. Na3 d5 10. Nc2 O-O 11. Ne3 Qb6 12. Ng4 Nf5 13. Ne5 Rd8 14. Bh3 c5 15.
Bxf5 exf5 16. dxc5 Qxc5 17. Be3 Qd6 18. Qb3 Nc6 19. Nf3 Na5 20. Qc2 Rac8 21.
Rfd1 a6 22. Bd4 Bxd4 23. Nxd4 b5 24. a3 Nc4 25. Rd3 Rd7 26. Rad1 Nb6 27. h4 h5
28. Re1 Re7 29. Rde3 Re4 30. f3 Rxe3 31. Rxe3 Nc4 32. Re2 Kf8 33. Kf2 Re8 34.
Rxe8+ Kxe8 35. Qc1 Kd7 36. Nc2 Qc5+ 37. Ke2 Nb6 38. Qe3 Qxe3+ 39. Nxe3 Nc4 40.
b3 Nxe3 41. Kxe3 Kc6 42. Kd2 Kc5 43. Ke3 Kc6 44. Kd4 Kd6 45. Kd3 Kc6 46. Ke3
Kd7 47. Kd2 Kd6 48. Kd3 Kd7 1/2-1/2

[Event "Druga liga Srbije grupa Vojvodina 2011"]
[Site "Vrbas"]
[Date "2011.10.01"]
[Round "10.2"]
[White "Subotic, Srbislav"]
[Black "Rolic, Gojko"]
[Result "1-0"]
[WhiteElo "2177"]
[BlackElo "2190"]
[PlyCount "55"]
[EventDate "2011.09.25"]

1. e4 d5 2. exd5 Qxd5 3. d4 Qd6 4. Be2 Qg6 5. Bf3 c6 6. Ne2 Bg4 7. Bxg4 Qxg4 8.
O-O Nf6 9. c4 e6 10. Nbc3 Nbd7 11. h3 Qh4 12. Bf4 Nh5 13. Bh2 Be7 14. Qb3 O-O-O
15. Rad1 Nb6 16. a4 Na8 17. d5 exd5 18. cxd5 Qb4 19. Qc2 g6 20. Rd4 Qc5 21. b4
Qb6 22. d6 Bf8 23. Nd5 Qa6 24. b5 Qa5 25. Nb4 Kd7 26. Nxc6 bxc6 27. Qxc6+ Ke6
28. Re4+ 1-0

[Event "Druga liga Srbije grupa Vojvodina 2011"]
[Site "Vrbas"]
[Date "2011.10.01"]
[Round "10.2"]
[White "Milovic, Nikola"]
[Black "Zobenica, Ivan"]
[Result "1-0"]
[WhiteElo "1967"]
[BlackElo "2034"]
[PlyCount "115"]
[EventDate "2011.09.25"]

1. Nf3 d6 2. d4 c6 3. c4 Bg4 4. e4 Nd7 5. Nc3 e5 6. Be2 Ngf6 7. O-O Be7 8. Be3
O-O 9. b4 d5 10. dxe5 Nxe4 11. Qb3 Nxc3 12. Qxc3 dxc4 13. Bxc4 a5 14. b5 Qc7
15. Bf4 Qb6 16. bxc6 Qxc6 17. Nd4 Qe4 18. Bg3 Bb4 19. Qe3 Qxe3 20. fxe3 Rac8
21. Bd5 Bd2 22. Bf4 Rc3 23. e6 Nf6 24. exf7+ Rxf7 25. Bxf7+ Kxf7 26. e4 Rd3 27.
Bxd2 Rxd4 28. Bxa5 Rxe4 29. Bc3 Ra4 30. Bxf6 gxf6 31. Rfb1 Ra7 32. a4 Bf5 33.
Rb4 Bd3 34. Kf2 Ba6 35. Rc1 Ra8 36. Rc7+ Kg6 37. Kf3 h5 38. Ke4 Re8+ 39. Kf3
Rd8 40. g4 Rd3+ 41. Kf4 h4 42. Rc2 Rd1 43. Rf2 Rg1 44. Ke3 Rd1 45. Rb6 Kg5 46.
Rbxf6 Kxg4 47. R6f4+ Kh5 48. Rg2 Rd3+ 49. Ke4 Rc3 50. Rf8 Rc4+ 51. Kd5 Rc6 52.
Rh8+ Rh6 53. Rxh6+ Kxh6 54. Kc5 Bf1 55. Rg4 Kh5 56. Rg7 h3 57. Rxb7 Kg4 58. Rb3
1-0

[Event "Druga liga Srbije grupa Vojvodina 2011"]
[Site "Vrbas"]
[Date "2011.10.01"]
[Round "10.2"]
[White "Gavric, Zivojin"]
[Black "Besedes, Danilo"]
[Result "1-0"]
[WhiteElo "2099"]
[BlackElo "1801"]
[PlyCount "41"]
[EventDate "2011.09.25"]

1. e4 e5 2. Nf3 Nc6 3. Bb5 a6 4. Bxc6 dxc6 5. d4 exd4 6. Qxd4 Qxd4 7. Nxd4 c5
8. Ne2 Bd6 9. Nbc3 Bd7 10. Bf4 f6 11. Bxd6 cxd6 12. O-O-O O-O-O 13. Rxd6 Kc7
14. Rhd1 Nh6 15. f3 Nf7 16. R6d5 b6 17. Nf4 Ne5 18. b3 g6 19. Rd6 Rhf8 20. Rxf6
g5 21. Nfd5+ 1-0

[Event "Druga liga Srbije grupa Vojvodina 2011"]
[Site "Vrbas"]
[Date "2011.10.01"]
[Round "10.3"]
[White "Vuckov, Branislav"]
[Black "Sertic, Rudolf"]
[Result "0-1"]
[WhiteElo "1951"]
[BlackElo "2430"]
[PlyCount "78"]
[EventDate "2011.09.25"]

1. e4 c5 2. g3 Nc6 3. b3 d5 4. Bg2 Nf6 5. exd5 Nxd5 6. Bb2 e5 7. Nc3 Be6 8.
Nge2 Be7 9. O-O O-O 10. Re1 Qd7 11. a3 Nc7 12. Nc1 f6 13. N1e2 Rad8 14. d3 Rfe8
15. Kh1 Bf8 16. Qd2 b5 17. a4 a6 18. axb5 axb5 19. Red1 Bh3 20. Qe3 Bxg2+ 21.
Kxg2 Nd4 22. Rac1 f5 23. Qg5 Qc6+ 24. Kf1 Qh1+ 25. Ng1 Qxg1+ 26. Kxg1 Nf3+ 27.
Kg2 Nxg5 28. Re1 Nf7 29. Re2 g6 30. Ra1 Ra8 31. Ree1 Bd6 32. Rxa8 Rxa8 33. Ra1
Rxa1 34. Bxa1 Ng5 35. h4 Nge6 36. Ne2 Nd4 37. Bxd4 exd4 38. f4 Nd5 39. Kf3 h5
0-1

[Event "Druga liga Srbije grupa Vojvodina 2011"]
[Site "Vrbas"]
[Date "2011.10.01"]
[Round "10.3"]
[White "Vujadinovic, Goran"]
[Black "Nadj, Vladimir"]
[Result "1-0"]
[WhiteElo "2370"]
[BlackElo "2156"]
[PlyCount "91"]
[EventDate "2011.09.25"]

1. g3 g6 2. Bg2 Bg7 3. Nf3 Nf6 4. O-O O-O 5. d3 d6 6. e4 Nbd7 7. a4 e5 8. a5 a6
9. c3 Re8 10. Ne1 Nf8 11. h3 Nh5 12. Na3 Ne6 13. Nc4 h6 14. Nc2 Ng5 15. Kh2 Qd7
16. h4 Nh7 17. N2e3 N7f6 18. Rh1 Ng4+ 19. Nxg4 Qxg4 20. Bf3 Qe6 21. Bxh5 gxh5
22. Qxh5 Qf6 23. Kg2 Kh7 24. f4 exf4 25. Bxf4 Be6 26. Ne3 Rg8 27. Nd5 Bxd5 28.
Qxd5 Rab8 29. Raf1 Qe6 30. Qh5 Rbf8 31. Qf5+ Qxf5 32. exf5 Re8 33. Kf3 Be5 34.
Re1 Bxf4 35. Kxf4 h5 36. Rxe8 Rxe8 37. Kg5 Re3 38. d4 Rxg3+ 39. Kf6 Rf3 40. Re1
Rf4 41. Re7 Rxh4 42. Rxf7+ Kh6 43. Rxc7 Re4 44. Rc8 Kh7 45. Kg5 h4 46. f6 1-0

[Event "Druga liga Srbije grupa Vojvodina 2011"]
[Site "Vrbas"]
[Date "2011.10.01"]
[Round "10.3"]
[White "Zolotic, Zoran"]
[Black "Marcak, Dejan"]
[Result "1-0"]
[WhiteElo "2238"]
[BlackElo "2154"]
[PlyCount "143"]
[EventDate "2011.09.25"]

1. Nf3 c5 2. c4 Nc6 3. g3 g6 4. Bg2 Bg7 5. Nc3 Nf6 6. O-O O-O 7. d4 cxd4 8.
Nxd4 a6 9. e4 Nxe4 10. Nxc6 Nxc3 11. Nxe7+ Qxe7 12. bxc3 Bxc3 13. Rb1 Rb8 14.
Rb3 Qf6 15. Ba3 Re8 16. Bd6 Ra8 17. Bxb7 Bxb7 18. Rxb7 Re6 19. Bf4 d6 20. Qd5
Rae8 21. Rb6 Be5 22. Be3 a5 23. Qxa5 Bd4 24. Bxd4 Qxd4 25. Rc6 Re5 26. Qb6 Qc3
27. Rxd6 Qxc4 28. Qb3 Qc5 29. Rf6 R8e7 30. Rf4 Qc6 31. Rc4 Qa8 32. a4 Re1 33.
Rc1 Rxf1+ 34. Rxf1 Ra7 35. Ra1 Ra5 36. Qb4 h5 37. Qf4 Kg7 38. Qd4+ Kg8 39. h3
Qc8 40. Re1 Ra8 41. Kh2 Qf5 42. Re4 Qa5 43. Qd7 Qc5 44. Kg2 Ra7 45. Qd8+ Kg7
46. Qd4+ Qxd4 47. Rxd4 Kf6 48. Kf3 Ke5 49. Ke3 g5 50. f4+ gxf4+ 51. gxf4+ Ke6
52. Kf3 Rb7 53. Rd3 Rb4 54. Ra3 Kf5 55. a5 Rxf4+ 56. Kg3 h4+ 57. Kg2 Rb4 58. a6
Rb8 59. a7 Ra8 60. Kf3 Kg5 61. Ra5+ f5 62. Ra6 f4 63. Ra5+ Kg6 64. Kxf4 Kf6 65.
Kg4 Kg6 66. Kxh4 Kh6 67. Ra6+ Kh7 68. Kg5 Kg7 69. h4 Kf7 70. h5 Kg7 71. h6+ Kh7
72. Kf5 1-0

[Event "Druga liga Srbije grupa Vojvodina 2011"]
[Site "Vrbas"]
[Date "2011.10.01"]
[Round "10.3"]
[White "Bogic, Stevan"]
[Black "Radanovic, Borislav"]
[Result "1/2-1/2"]
[WhiteElo "2202"]
[BlackElo "2238"]
[PlyCount "73"]
[EventDate "2011.09.25"]

1. d4 Nf6 2. c4 g6 3. Nc3 Bg7 4. e4 d6 5. f3 c6 6. a4 a5 7. Bg5 Na6 8. Qd2 Qb6
9. Be3 Nb4 10. Rc1 Nd7 11. f4 O-O 12. Nf3 Qc7 13. Be2 Nf6 14. h3 e6 15. O-O Nh5
16. Rfe1 f5 17. e5 dxe5 18. Nxe5 Nf6 19. Bf3 Rd8 20. Qe2 Bd7 21. Red1 Be8 22.
Qf2 Nd7 23. Nxd7 Rxd7 24. Rd2 Bf7 25. Rcd1 Re8 26. g3 Qb8 27. Kh1 h5 28. h4 Bf6
29. Qg2 Rde7 30. Be2 Rd7 31. Bf3 Rde7 32. Be2 Qa7 33. Qf2 Qa8 34. Bf3 Qa6 35.
Be2 Rd7 36. Bf1 Qa8 37. Bg2 1/2-1/2

[Event "Druga liga Srbije grupa Vojvodina 2011"]
[Site "Vrbas"]
[Date "2011.10.01"]
[Round "10.4"]
[White "Torbica, Milos"]
[Black "Sekulic, Dusan"]
[Result "0-1"]
[WhiteElo "2246"]
[BlackElo "2302"]
[PlyCount "90"]
[EventDate "2011.09.25"]

1. d4 Nf6 2. Nf3 c5 3. c3 e6 4. Bf4 Nc6 5. e3 d5 6. Be2 Bd6 7. Bxd6 Qxd6 8. O-O
O-O 9. Nbd2 b6 10. a3 a5 11. Bb5 Ba6 12. Qa4 Bxb5 13. Qxb5 c4 14. Qa4 Rab8 15.
Qc2 Nd7 16. e4 e5 17. dxe5 Ndxe5 18. Rfd1 Rfd8 19. a4 Qg6 20. Nxe5 Nxe5 21. Re1
d4 22. cxd4 Rxd4 23. Re3 Rbd8 24. Nf1 Nd3 25. Qe2 Nc5 26. e5 Qe6 27. g3 g6 28.
h4 h5 29. Qe1 Nd3 30. Qe2 Nc5 31. Qe1 Qc6 32. Qe2 Kg7 33. Qc2 Qd5 34. Rae1 Qc6
35. Ra1 Qd7 36. f4 Qg4 37. Kh2 Nb3 38. Rxb3 cxb3 39. Qf2 Qe6 40. Re1 Rd1 41.
Re2 Rc1 42. Ne3 Qc6 43. Ng2 Rdd1 44. g4 hxg4 45. Kg3 Rf1 0-1

[Event "Druga liga Srbije grupa Vojvodina 2011"]
[Site "Vrbas"]
[Date "2011.10.01"]
[Round "10.4"]
[White "Mijatovic, Dejan"]
[Black "Popov, Sinisa Dj"]
[Result "1-0"]
[WhiteElo "2276"]
[BlackElo "2131"]
[PlyCount "99"]
[EventDate "2011.09.25"]

1. d4 b5 2. e4 Bb7 3. Nd2 a6 4. Bd3 Nf6 5. Qe2 e6 6. Ngf3 Be7 7. c3 d5 8. e5
Nfd7 9. a3 c5 10. b4 c4 11. Bc2 a5 12. Bb2 axb4 13. cxb4 Nb6 14. O-O Na4 15.
Bxa4 Rxa4 16. Nb1 Bc6 17. Nc3 Ra7 18. Ne1 h5 19. Nc2 Nd7 20. a4 bxa4 21. b5 Bb7
22. Nxa4 g6 23. f4 Qa8 24. Nc3 Nb6 25. Rxa7 Qxa7 26. Ra1 Qb8 27. Ba3 Qc7 28. g3
O-O 29. Qe1 Ra8 30. Bxe7 Qxe7 31. Rxa8+ Bxa8 32. Qa1 Kf8 33. Qa5 Qb7 34. Nb4
Qb8 35. Kf2 Kg7 36. Ke3 h4 37. g4 g5 38. Na6 gxf4+ 39. Kxf4 Qd8 40. Ke3 Bb7 41.
Qa3 Bxa6 42. bxa6 Na8 43. Nb5 Qb6 44. Nc3 Qd8 45. Kf4 Kg6 46. Ne2 Qg5+ 47. Kf3
Qd2 48. Qf8 Qd3+ 49. Kf2 Kg5 50. Qxa8 1-0

[Event "Druga liga Srbije grupa Vojvodina 2011"]
[Site "Vrbas"]
[Date "2011.10.01"]
[Round "10.4"]
[White "Lovre, Rajko"]
[Black "Lalic, Dragan"]
[Result "1/2-1/2"]
[WhiteElo "2221"]
[BlackElo "2308"]
[PlyCount "99"]
[EventDate "2011.09.25"]

1. Nf3 d5 2. d4 Nf6 3. g3 c5 4. c3 Nc6 5. Bg2 e6 6. O-O Bd6 7. Bg5 h6 8. Bxf6
Qxf6 9. Nbd2 cxd4 10. cxd4 Nxd4 11. e4 O-O 12. exd5 exd5 13. Nxd4 Qxd4 14. Rb1
Bf5 15. Nb3 Qb6 16. Rc1 Be4 17. Kh1 Rad8 18. Qd4 Qxd4 19. Nxd4 Be5 20. Rcd1
Rfe8 21. f3 Bg6 22. Rf2 Rc8 23. Bf1 a6 24. Kg2 f6 25. Rfd2 Bxd4 26. Rxd4 Rc2+
27. R1d2 Rxd2+ 28. Rxd2 Rc8 29. Kf2 Bf7 30. Ke3 Kf8 31. Kd4 Ke7 32. Bd3 Kd6 33.
Rc2 Re8 34. Re2 Rd8 35. Rc2 Be6 36. Re2 h5 37. f4 Bg4 38. Re1 h4 39. f5 hxg3
40. hxg3 Bf3 41. Re3 Bh5 42. Re6+ Kd7 43. Kc5 Kc7 44. Re7+ Rd7 45. Rxd7+ Kxd7
46. a4 Bf3 47. a5 Kc7 48. g4 Kd7 49. b4 Kc7 50. Bc2 1/2-1/2

[Event "Druga liga Srbije grupa Vojvodina 2011"]
[Site "Vrbas"]
[Date "2011.10.01"]
[Round "10.4"]
[White "Sevo, Dusan"]
[Black "Matijevic, Radovan"]
[Result "1-0"]
[WhiteElo "2268"]
[BlackElo "2170"]
[PlyCount "107"]
[EventDate "2011.09.25"]

1. e4 c6 2. d3 d5 3. Nd2 Nf6 4. Ngf3 Bg4 5. Be2 e6 6. O-O Nbd7 7. b3 Bc5 8. Bb2
O-O 9. Kh1 Qb6 10. Ne1 Bxe2 11. Qxe2 e5 12. Nef3 Rae8 13. a3 a5 14. Rab1 Ng4
15. h3 Nh6 16. b4 axb4 17. axb4 Bd6 18. c4 dxe4 19. Nxe4 Bb8 20. Bc3 f5 21. c5
Qd8 22. Qa2+ Kh8 23. Neg5 Qf6 24. Qc4 Qg6 25. Rfe1 Nf7 26. Nxf7+ Rxf7 27. Re2
Rfe7 28. Rbe1 b5 29. Qh4 Qf6 30. Qxf6 gxf6 31. Bb2 Kg8 32. Nd4 Rc8 33. Nxf5
Ree8 34. d4 Kf7 35. dxe5 Nxe5 36. Bxe5 fxe5 37. Rd2 Kf6 38. Nd6 Bxd6 39. Rxd6+
Kf5 40. Rh6 Rc7 41. Rh5+ Kf6 42. f4 e4 43. g4 Kg6 44. Rg5+ Kf6 45. Rf5+ Kg6 46.
h4 Rd7 47. h5+ Kg7 48. g5 Rd2 49. Re5 Rxe5 50. fxe5 Rd4 51. Kg2 Rxb4 52. e6 Rc4
53. h6+ Kg6 54. e7 1-0

[Event "Druga liga Srbije grupa Vojvodina 2011"]
[Site "Vrbas"]
[Date "2011.10.01"]
[Round "10.4"]
[White "Topalov, Aleksandar"]
[Black "Popov, Stevan"]
[Result "0-1"]
[WhiteElo "2254"]
[BlackElo "2209"]
[PlyCount "62"]
[EventDate "2011.09.25"]

1. b3 Nf6 2. Bb2 e6 3. Nf3 b6 4. g3 Bb7 5. Bg2 Be7 6. O-O O-O 7. d3 c5 8. e4 d6
9. Nbd2 Nc6 10. Ne1 Ne8 11. f4 d5 12. f5 Bf6 13. Bxf6 Nxf6 14. g4 h6 15. h4 Nb4
16. g5 hxg5 17. hxg5 Nh7 18. fxe6 fxe6 19. Rxf8+ Nxf8 20. Nef3 dxe4 21. Ne5
Qd4+ 22. Kh1 Qxe5 23. Nxe4 Rd8 24. Qg1 Ng6 25. Re1 Qf4 26. Rf1 Qh4+ 27. Qh2 Rf8
28. Rxf8+ Kxf8 29. Kg1 e5 30. Nd6 Qd4+ 31. Kh1 Bxg2+ 0-1

[Event "Druga liga Srbije grupa Vojvodina 2011"]
[Site "Vrbas"]
[Date "2011.10.01"]
[Round "10.5"]
[White "Djonin, Bosko"]
[Black "Roganovic, Milos"]
[Result "1/2-1/2"]
[WhiteElo "2267"]
[BlackElo "2480"]
[PlyCount "64"]
[EventDate "2011.09.25"]

1. e4 c5 2. Nf3 d6 3. c3 Nf6 4. h3 Nc6 5. Bd3 g6 6. Bc2 Bg7 7. O-O O-O 8. Re1
b6 9. d3 Bb7 10. Nbd2 b5 11. Nf1 a5 12. Rb1 Nd7 13. Be3 Nb6 14. Qd2 e5 15. a4
Nxa4 16. Bxa4 bxa4 17. Ra1 Qd7 18. Qc2 Rfb8 19. Bc1 Ne7 20. Rxa4 Bc6 21. Ra3 a4
22. Ne3 f5 23. c4 h6 24. Nd2 Kh7 25. Nd5 Qb7 26. Nxe7 Qxe7 27. Nb1 Bf6 28. Nc3
Rb4 29. Na2 Rb7 30. Nc3 Rb4 31. Na2 Rb7 32. Nc3 Rb4 1/2-1/2

[Event "Druga liga Srbije grupa Vojvodina 2011"]
[Site "Vrbas"]
[Date "2011.10.01"]
[Round "10.5"]
[White "Sipos, Istvan"]
[Black "Ratkovic, Milovan"]
[Result "1/2-1/2"]
[WhiteElo "2452"]
[BlackElo "2177"]
[PlyCount "56"]
[EventDate "2011.09.25"]

1. e4 c6 2. d4 d5 3. Nc3 dxe4 4. Nxe4 Bf5 5. Ng3 Bg6 6. Bc4 e6 7. N1e2 Nf6 8.
O-O Bd6 9. f4 Qc7 10. f5 Bxf5 11. Nxf5 exf5 12. Rxf5 Nbd7 13. Ng3 O-O-O 14. Qf3
Rhe8 15. Bd2 Qb6 16. Bc3 Ne5 17. Qf1 Nxc4 18. Qxc4 Bxg3 19. hxg3 Ne4 20. Qd3
Qc7 21. Rf4 f5 22. Raf1 Qd6 23. g4 g5 24. Rxf5 Ng3 25. Rf6 Ne2+ 26. Kh1 Ng3+
27. Kg1 Ne2+ 28. Kh1 Ng3+ 1/2-1/2

[Event "Druga liga Srbije grupa Vojvodina 2011"]
[Site "Vrbas"]
[Date "2011.10.01"]
[Round "10.5"]
[White "Ratkovic, Miloje"]
[Black "Dekic, Josip"]
[Result "1-0"]
[WhiteElo "2135"]
[BlackElo "2306"]
[PlyCount "83"]
[EventDate "2011.09.25"]

1. d4 Nf6 2. Nf3 g6 3. Bf4 Bg7 4. e3 O-O 5. c3 d6 6. Be2 c5 7. Nbd2 Nc6 8. O-O
Nh5 9. Bg5 h6 10. Bh4 cxd4 11. exd4 Nf4 12. Bc4 Bf5 13. Re1 g5 14. Bg3 Nd3 15.
Bxd3 Bxd3 16. d5 Nb8 17. Nb3 Bg6 18. h4 g4 19. Nfd4 h5 20. f3 gxf3 21. gxf3 a5
22. a4 Na6 23. f4 Nc5 24. Rf1 Nxb3 25. Nxb3 Qc8 26. f5 Bxf5 27. Qxh5 Bg6 28.
Qg5 Qh3 29. Rf2 Bf6 30. Qe3 Bxh4 31. Rg2 Bf6 32. Rf1 Bg7 33. Nd4 Rae8 34. Rh2
Qd7 35. Qg5 e6 36. dxe6 Rxe6 37. Nf5 Bxf5 38. Qxf5 Rd8 39. Qh7+ Kf8 40. Rg2 f6
41. Bf4 Re7 42. Bh6 1-0

[Event "Druga liga Srbije grupa Vojvodina 2011"]
[Site "Vrbas"]
[Date "2011.10.01"]
[Round "10.5"]
[White "Strangar, Zlatko"]
[Black "Mitrovanov, Djordje"]
[Result "1-0"]
[WhiteElo "2203"]
[BlackElo "2134"]
[PlyCount "85"]
[EventDate "2011.09.25"]

1. e4 e5 2. Nf3 Nc6 3. Bb5 a6 4. Ba4 Nf6 5. Qe2 Bc5 6. c3 O-O 7. O-O b5 8. Bb3
d6 9. a4 Rb8 10. d3 Qe7 11. axb5 axb5 12. Be3 Bxe3 13. fxe3 Be6 14. Bc2 d5 15.
exd5 Nxd5 16. Nbd2 Bg4 17. Qf2 Kh8 18. Ra6 Rb6 19. Rxb6 Nxb6 20. d4 Bd7 21. Qg3
exd4 22. exd4 Qe3+ 23. Kh1 Nd5 24. Bb3 Nce7 25. Re1 Qd3 26. Ne4 Be6 27. Qf2 b4
28. Bc2 Qb5 29. Neg5 h6 30. Nxe6 fxe6 31. Rxe6 bxc3 32. bxc3 Qb2 33. Qd2 Ng8
34. Qd3 Ngf6 35. Rc6 Qc1+ 36. Qd1 Qe3 37. Qd2 Qxd2 38. Nxd2 Re8 39. Nf3 Re2 40.
Bb3 Ne3 41. Re6 Nfg4 42. h3 Nf2+ 43. Kg1 1-0

[Event "Druga liga Srbije grupa Vojvodina 2011"]
[Site "Vrbas"]
[Date "2011.10.01"]
[Round "10.5"]
[White "Petrovic, Lazar"]
[Black "Ivanovic, Miroslav"]
[Result "1-0"]
[WhiteElo "2113"]
[BlackElo "2177"]
[PlyCount "41"]
[EventDate "2011.09.25"]

1. d4 d5 2. Nf3 Nf6 3. c4 e6 4. g3 c5 5. Bg2 cxd4 6. O-O Nc6 7. Nxd4 Qb6 8. Nb5
dxc4 9. N1c3 Bc5 10. Nd6+ Bxd6 11. Qxd6 Nb4 12. Qf4 O-O 13. Qxc4 Bd7 14. Be3
Qa5 15. Qc5 b5 16. Bxa8 Rxa8 17. Rfc1 h6 18. a3 Nbd5 19. Bd4 a6 20. Nxd5 Nxd5
21. e4 1-0

[Event "Druga liga Srbije grupa Vojvodina 2011"]
[Site "Vrbas"]
[Date "2011.10.01"]
[Round "10.5"]
[White "Roganovic, Nebojsa"]
[Black "Zivkovic, Negosim"]
[Result "1-0"]
[WhiteElo "2194"]
[BlackElo "2248"]
[PlyCount "45"]
[EventDate "2011.09.25"]

1. e4 c5 2. Nf3 d6 3. Bb5+ Bd7 4. Bxd7+ Qxd7 5. c4 g6 6. d4 cxd4 7. Nxd4 Bg7 8.
Nc3 Nc6 9. Be3 Nf6 10. f3 O-O 11. O-O a6 12. b3 Rab8 13. a4 Nxd4 14. Bxd4 Nh5
15. Bxg7 Nxg7 16. f4 Rfd8 17. Qf3 e6 18. Kh1 Qc6 19. g4 h5 20. gxh5 Nxh5 21. f5
exf5 22. Nd5 f4 23. Ne7+ 1-0

[Event "Druga liga Srbije grupa Vojvodina 2011"]
[Site "Vrbas"]
[Date "2011.10.01"]
[Round "10.6"]
[White "Vujacic, Borivoje"]
[Black "Marinovic, Bozidar"]
[Result "1/2-1/2"]
[WhiteElo "2299"]
[BlackElo "2405"]
[PlyCount "23"]
[EventDate "2011.09.25"]

1. e4 c5 2. Nf3 d6 3. d4 cxd4 4. Nxd4 Nf6 5. Nc3 a6 6. Be2 e5 7. Nb3 Be7 8. O-O
O-O 9. Be3 Be6 10. Qd2 Nbd7 11. a4 Rc8 12. Rfd1 1/2-1/2

[Event "Druga liga Srbije grupa Vojvodina 2011"]
[Site "Vrbas"]
[Date "2011.10.01"]
[Round "10.6"]
[White "Miranovic, Rajko"]
[Black "Milojevic, Dusan"]
[Result "1/2-1/2"]
[WhiteElo "2376"]
[BlackElo "2186"]
[PlyCount "74"]
[EventDate "2011.09.25"]

1. e4 c5 2. Nf3 d6 3. d4 cxd4 4. Nxd4 Nf6 5. Nc3 a6 6. a4 Nc6 7. Be2 g6 8. O-O
Bg7 9. Nb3 O-O 10. Re1 Be6 11. Bf1 Nb4 12. Nd4 Bd7 13. Bg5 h6 14. Bh4 Rc8 15.
Qd2 Re8 16. h3 Nh5 17. Nce2 Nc6 18. Nxc6 Bxc6 19. Nc3 g5 20. Qd1 Nf4 21. Bg3
Be5 22. Nd5 e6 23. Nc3 Qf6 24. a5 Qg6 25. Ra3 Kg7 26. Qd2 Red8 27. Rb3 Rc7 28.
Ne2 Nxe2+ 29. Qxe2 Ba4 30. Bxe5+ dxe5 31. Rc3 Rxc3 32. bxc3 Bc6 33. Qe3 Qf6 34.
Bd3 Qe7 35. Qb6 Rd6 36. Qc5 Rd7 37. Qxe7 Rxe7 1/2-1/2